| 000 | 00558nam a2200205Ia 4500 | ||
|---|---|---|---|
| 003 | OSt | ||
| 005 | 20230417163457.0 | ||
| 008 | 210423s2012 xx 000 0 und d | ||
| 020 | _a9781412972932 | ||
| 040 | _cAL | ||
| 041 | _aeng | ||
| 082 | _a302.23 BILA | ||
| 100 |
_aBILLINGS (Andrew C);others. _989543 |
||
| 245 | _aCommunication and sport: surveying the field. | ||
| 260 |
_aLos Angeles _bSage Publications _c2012 |
||
| 300 |
_axviii,323 _bPB |
||
| 365 |
_b2599 _cINR |
||
| 906 | _aCommunication ; field. ; sport: ; surveying | ||
| 942 |
_2ddc _cBK |
||
| 999 |
_c159963 _d159963 |
||